000 00758nam a22002657a 4500
003 CHAP
005 20220329134119.0
008 971013s1971 r 00010 d
010 _a15573
011 _a16545
035 _a20625
040 _cCHAP
082 _a510.78
_bG7
100 0 0 _aGruenberger, Fred J.
_950848
245 _aComputing; a second course
260 _aSan Francisco :
_bCanfield,
_c1971
300 _a255 p.
_b: ilus
590 _aBATCH-UPD
_b10
_c20130110
_lUCH01
_h0200
590 _aBATCH-UPD
_b10
_c20130110
_lUCH01
_h1859
590 _aCONVERSION
_b10
_c20130109
_lUCH01
_h1310
650 1 4 _aComputadoras.
_926129
901 _aBK
942 _cLIBRO
949 _a510.78 G7
_bBC
_cLIBRO
_d33724000412946
_eLIBRO
_h29404
_i20625
_si
_t138.00
999 _c15573
_d15573